Partnership and corporation accounting : (Record no. 6550)

MARC details
000 -LEADER
fixed length control field 00744nam a22002177a 4500
003 - CONTROL NUMBER IDENTIFIER
control field OSt
005 - DATE AND TIME OF LATEST TRANSACTION
control field 20251128095805.0
008 - FIXED-LENGTH DATA ELEMENTS--GENERAL INFORMATION
fixed length control field 251128b |||||||| |||| 00| 0 eng d
020 ## - INTERNATIONAL STANDARD BOOK NUMBER
International Standard Book Number 978-971-93934-2-9.
040 ## - CATALOGING SOURCE
Original cataloging agency DWCL-Admin lib
Transcribing agency OC
082 ## - DEWEY DECIMAL CLASSIFICATION NUMBER
Classification number Fil. 657.92 V152p 2009
100 ## - MAIN ENTRY--PERSONAL NAME
Personal name Valencia, Edwin G.
245 ## - TITLE STATEMENT
Title Partnership and corporation accounting :
Remainder of title concepts, principles, procedures and appications /
Statement of responsibility, etc. Edwin G. Valencia
260 ## - PUBLICATION, DISTRIBUTION, ETC.
Place of publication, distribution, etc. Baguio City :
Name of publisher, distributor, etc. Valencia Educational Supply,
Date of publication, distribution, etc. c2009
300 ## - PHYSICAL DESCRIPTION
Extent 612 p. :
Other physical details ill. ;
Dimensions 25 cm.
650 ## - SUBJECT ADDED ENTRY--TOPICAL TERM
Topical term or geographic name entry element 1. Corporations Accounting
650 ## - SUBJECT ADDED ENTRY--TOPICAL TERM
Topical term or geographic name entry element 2. Partnership Accounting
700 ## - ADDED ENTRY--PERSONAL NAME
Personal name Roxas, Gregorio F.
700 ## - ADDED ENTRY--PERSONAL NAME
Personal name Asuncion, Darrell Joe
942 ## - ADDED ENTRY ELEMENTS (KOHA)
Source of classification or shelving scheme Dewey Decimal Classification
Koha item type Book-Filipiniana
Edition 3rd ed.
Call number prefix Fil.
Suppress in OPAC No

No items available.